Načítá se...

ഐതിഹ്യമാല: രാമപുരത്തു വാര്യരും കഥകളും

ഇന്നലെയുടെ അറിവുകള്‍, ഓര്‍മ്മയിലെ വെളിച്ചങ്ങള്‍, ഭൂതകാലത്തിന്റെ സത്യങ്ങള്‍, ഇതാണ് ഐതിഹ്യമാലയുടെ എന്നത്തേയും പ്രസക്തി - അക്കിത്തം. കൈപ്പുഴ രാജ്ഞിയും പുളിംകുന്നു ദേശവും. ഒരന്തര്‍ജനത്തിന്റെ യുക്തി പാഴുര്‍ പെരുംതൃക്കോവില്‍. പാക്കനാരുടെ ഭാര്യയുടെ പാതിവ്രതൃം രണ്ടു മഹാരാജാക്കന്മാരുടെ സ്വഭാവവ്യത്യാസം കൊച്ചു...

Celý popis

Podrobná bibliografie
Hlavní autor: Kottarathil Sankunni
Médium: Printed Book
Vydáno: Thrissur Green Books 2014
Témata:
LEADER 02336nam a22002057a 4500
020 |a 9788184233292 
082 |a 398.20494812  |b KOT-A 
100 |a Kottarathil Sankunni 
245 |a ഐതിഹ്യമാല: രാമപുരത്തു വാര്യരും കഥകളും 
260 |a Thrissur  |b Green Books  |c 2014 
300 |a 112p. 
500 |a "Aithihyamala" in 10 volumes(CL02352-CL02361) 
520 |a ഇന്നലെയുടെ അറിവുകള്‍, ഓര്‍മ്മയിലെ വെളിച്ചങ്ങള്‍, ഭൂതകാലത്തിന്റെ സത്യങ്ങള്‍, ഇതാണ് ഐതിഹ്യമാലയുടെ എന്നത്തേയും പ്രസക്തി - അക്കിത്തം. കൈപ്പുഴ രാജ്ഞിയും പുളിംകുന്നു ദേശവും. ഒരന്തര്‍ജനത്തിന്റെ യുക്തി പാഴുര്‍ പെരുംതൃക്കോവില്‍. പാക്കനാരുടെ ഭാര്യയുടെ പാതിവ്രതൃം രണ്ടു മഹാരാജാക്കന്മാരുടെ സ്വഭാവവ്യത്യാസം കൊച്ചുനമ്പൂരി. ചെമ്പകശ്ശേരിരാജാവും മേപ്പത്തൂര്‍ ഭട്ടതിരിയും വട്ടപ്പറമ്പില്‍ വലിയമ്മ. വൈക്കത്തു തിരനീലകണ്ംന്‍ കിളിരൂര്‍ കുന്നിന്മേല്‍ ഭഗവതി. പൂന്താനത്തു നമ്പൂരി ആലത്തൂര്‍ നമ്പി. വയസ്‌കര ചതുര്‍വേദിഭട്ടതിരിയും യക്ഷിയും രാമപുരത്തു വാര്യര്‍. ചെമ്പ്രയെഴുത്തുച്ഛന്മാര്‍ 
650 |a Folklore-Malayalam 
650 |a Myth-Kerala 
650 |a Epic-Kerala 
650 |a Aiytheehyamala: Ramapurathu Warrierum kathakalum 
942 |c BK 
999 |c 51170  |d 51170 
952 |0 0  |1 0  |4 0  |6 398_204948120000000_KOTA  |7 0  |9 64591  |a KU  |b KU  |c GEN  |d 2018-05-10  |e Ad.D2/5736/2013 dtd.24/11/2017  |g 85.00  |l 1  |o 398.20494812 KOT-A  |p CL02356  |r 2018-09-26  |s 2018-05-25  |y BK